|
|
|
|
| LEADER |
01453nam a2200277 u 4500 |
| 001 |
10117934 |
| 003 |
GR-PaULI |
| 005 |
20240212102532.0 |
| 008 |
151014s2011 gr a p gre |
| 020 |
|
|
|a 9789609476195
|
| 040 |
|
|
|a GR-PaULI
|c GR-PaULI
|b gre
|e AACR2
|
| 082 |
0 |
4 |
|a 839.811
|2 23
|
| 245 |
0 |
0 |
|a 4 Δανοί ποιητές :
|b εικαστικοί = 4 danske digtere : billedkunstnere /
|c Per Kirkeby... [και ά.] ; επιλογή, μετάφραση, σημειώσεις, επίμετρο Θεοφάνης Μελάς.
|
| 246 |
1 |
1 |
|a 4 danske digtere : billedkunstnere.
|
| 260 |
|
|
|a Αθήνα :
|b Μανδραγόρας,
|c 2011.
|
| 300 |
|
|
|a 155 σ. :
|b εικ. ;
|c 24 εκ.
|
| 490 |
1 |
|
|a Μετάφραση σύγχρονης ποίησης (Μανδραγόρας)
|
| 546 |
|
|
|a Παράλληλο κείμενο στα ελληνικά και δανικά.
|
| 700 |
1 |
|
|9 192894
|a Kirkeby, Per,
|d 1938-
|e συγγραφέας.
|
| 700 |
1 |
|
|9 192895
|a Μελάς, Θεοφάνης
|e μεταφραστής.
|
| 760 |
0 |
|
|a Σύγχρονη ελληνική ποίηση
|
| 830 |
|
0 |
|9 192896
|a Μετάφραση σύγχρονης ποίησης (Μανδραγόρας)
|
| 942 |
|
|
|2 ddc
|c BKN
|
| 952 |
|
|
|0 0
|1 0
|2 ddc
|4 0
|6 839_811000000000000_ΔΑΝ
|7 0
|9 362236
|a LISP
|b LISP
|c DON
|d 2022-07-06
|e ΠΑΤ
|i 149172
|l 0
|o 839.811 ΔΑΝ
|p 025000294382
|r 2022-07-06 00:00:00
|t 1
|v 2022.00
|w 2022-07-06
|y BKN
|
| 998 |
|
|
|c ΜΠΟΥΡΑΣ
|d 2022-07
|
| 999 |
|
|
|c 211687
|d 211687
|